Composers by Birth and Death Dates - Statistics

General Stats
  • This quiz has been taken 118 times
  • The average score is 10 of 20
Answer Stats
Birth/Death Age Composer % Correct
1756-1791 35 Wolfgang A Mozart
96%
1770-1827 56 Ludwig van Beethoven
95%
1797-1828 31 Franz Schubert
74%
1685-1759 74 George Frideric Handel
73%
1732-1809 77 Joseph Haydn
71%
1678-1741 63 Antonio Vivaldi
57%
1833-1897 63 Johannes Brahms
57%
1840-1893 53 Pyotr Tchaikovsky
53%
1809-1847 38 Felix Mendelssohn
48%
1098-1179 81 Hildegard of Bingen
48%
1882-1971 88 Igor Stravinsky
41%
1900-1990 90 Aaron Copland
34%
1792-1868 76 Gioachino Rossini
34%
1875-1937 62 Maurice Ravel
34%
1918-1990 72 Leonard Bernstein
32%
1891-1953 61 Sergei Prokofiev
32%
1841-1904 62 Antonín Dvořák
29%
1838-1875 36 Georges Bizet
27%
1912-1992 79 John Cage
23%
1555-1612 57 Giovanni Gabrieli
8%
No matching quizzes found
Score Distribution
Percent of People with Each Score
Percentile by Number Answered
Your Score History
You have not taken this quiz